000 00665cam a2200217 i 4500
999 _c5881
_d5881
003 OSt
005 20220630094730.0
008 800528s1980 ilua b 001 0 eng
020 _a9780176225162
040 _cDLC
050 0 0 _aHF5718
_b.B87 2003
245 0 0 _aBusiness communication /
_cGufffey, Mary Ellen .
260 _aCanada :
_bNelson, a division of Thomson Canada ,
_cc2003.
300 _axii, 467 p. :
_bill. ;
_c24 cm.
500 _aIncludes index.
504 _aBibliography: p. 457-460.
650 0 _aBusiness communication.
700 1 _aKathleen Rhodes, Patricia Rogin
906 _a7
_bcbc
_corignew
_d2
_eocip
_f19
_gy-gencatlg
942 _2lcc
_cBK
_nCM